Проблемы геологии и географии Сибири. 3 (Запись № 874277)
[ простой вид ]
| 000 -МАРКЕР | |
|---|---|
| контрольное поле | 01076nam2a2200253 4500 |
| 001 - ИДЕНТИФИКАТОР ЗАПИСИ | |
| контрольное поле | RU\NLR\bibl\457550 |
| 005 - ИДЕНТИФИКАТОР ВЕРСИИ | |
| контрольное поле | 20250623183207.0 |
| 021 ## - НОМЕР ГОСУДАРСТВЕННОЙ РЕГИСТРАЦИИ | |
| Код страны | Российская Федерация |
| Номер | 2003-13572п |
| Номер Листа государственной регистраци | 520 |
| 035 ## - ДРУГИЕ СИСТЕМНЫЕ НОМЕРА | |
| Идентификатор записи | (NLR Aleph) 000451069 |
| 100 ## - ДАННЫЕ ОБЩЕЙ ОБРАБОТКИ | |
| Данные общей обработки | 20031111d2003 |||y0rusy50 ca |
| 101 0# - ЯЗЫК РЕСУРСА | |
| Язык текста, звукозаписи и т.д. | русский |
| Язык оглавления | русский |
| -- | английский |
| 102 ## - СТРАНА ПУБЛИКАЦИИ ИЛИ ПРОИЗВОДСТВА | |
| Страна публикации | Российская Федерация |
| 105 ## - ПОЛЕ КОДИРОВАННЫХ ДАННЫХ: ТЕКСТОВЫЕ МАТЕРИАЛЫ, МОНОГРАФИЧЕСКИЕ | |
| Кодированные данные о монографическом текстовом документе | a ||||||||| |
| 200 0# - ЗАГЛАВИЕ И СВЕДЕНИЯ ОБ ОТВЕТСТВЕННОСТИ | |
| Основное заглавие | 3 |
| Первые сведения об ответственности | [Науч. ред.: Князев Г.Б. и др.] |
| 215 ## - ФИЗИЧЕСКАЯ ХАРАКТЕРИСТИКА | |
| Специфическое обозначение материала и объем | 315, [1] с. |
| Другие сведения о физической характеристике | ил. |
| 461 #0 - УРОВЕНЬ НАБОРА | |
| Встроенное поле | 001RU\NLR\bibl\457435 |
| -- | 2001#$aПроблемы геологии и географии Сибири$v3 |
| Системный номер (АБИС) связанной записи | 873595 |
| Место публикации | Томск |
| Дата публикации | 2003 |
| Имя издателя, распространителя и т.д. | ТГУ |
| Сведения, относящиеся к заглавию | Материалы науч. конф., посвящ. 125-летию основания Том. гос. ун-та и 70-летию образования геол.-геогр. фак. 2-4 апр. 2003 г. |
| Заглавие | Проблемы геологии и географии Сибири |
| Номер тома | 3 |
| 702 #1 - ИМЯ ЛИЦА - ВТОРИЧНАЯ ОТВЕТСТВЕННОСТЬ | |
| Начальный элемент ввода | Князев |
| Часть имени, кроме начального элемента ввода | Г. Б. |
| Код отношения | Редактор |
| 801 #0 - ИСТОЧНИК ЗАПИСИ | |
| Страна | Российская Федерация |
| Организация | NLR |
| Дата составления | 20031111 |
| Правила каталогизации | PSBO |
| 801 #1 - ИСТОЧНИК ЗАПИСИ | |
| Страна | Российская Федерация |
| Организация | NLR |
| Дата составления | 20031111 |
| 852 ## - МЕСТОНАХОЖДЕНИЕ И ШИФР ХРАНЕНИЯ | |
| Идентификатор организации | NLR |
| Шифр хранения (Call Number) | П2/639 |
| 942 ## - ДОПОЛНИТЕЛЬНЫЕ ЭЛЕМЕНТЫ ЗАПИСИ (АБИС) | |
| Тип экземпляра АБИС | Книга |
| 980 ## - КОЛЛЕКЦИЯ | |
| Название коллекции | Национальная библиография |
| Тип экземпляра | Дата поступления | Библиотека постоянного хранения | Библиотека текущего хранения | Место хранения | Шифр хранения | Штрих-код | Статус экземпляра |
|---|---|---|---|---|---|---|---|
| Книга | 26.10.2013 | РНБ (Московский) | РНБ (Московский) | Русский журнальный фонд | П2/639 | 451069-10 |